000 00358pab a2200145 454500
008 180718b1988 xxu||||| |||| 00| 0 eng d
100 _aSharma, G.K.
245 _aThe value of the waste
260 _c1988
300 _a15-16
362 _a13 Mar.
650 _aWaste, Utilization of - Underdeveloped Areas
773 _aDemocratic World
909 _a20569
999 _c20569
_d20569